[Event "Nikaia op 22nd"]
[Site "Nikaia"]
[Date "2014.08.30"]
[Round "6"]
[White "Alexiadis, Hristos"]
[Black "Tzounakas, Vasilios"]
[Result "1-0"]
[WhiteElo "2020"]
[BlackElo "1878"]
[PlyCount "97"]
[EventDate "2014.08.26"]
[EventType "swiss"]
[EventRounds "9"]
[EventCountry "GRE"]
[SourceTitle "CBM 162 Extra"]
[Source "ChessBase"]
[SourceDate "2014.10.17"]
[SourceVersion "1"]
[SourceVersionDate "2014.10.17"]
[SourceQuality "1"]

1. e4 d6 2. d4 g6 3. Nc3 Bg7 4. Bg5 Nf6 5. Qd2 0-0 6. 0-0-0 c6 7. f4 b5 8. e5 b4 9. exf6 bxc3 10. Qxc3 exf6 11. Bh4 Be6 12. Bc4 Qc7 13. Re1 Bxc4 14. Qxc4 d5 15. Qf1 Qa5 16. a3 Nd7 17. Re7 Nb6 18. Be1 Qa4 19. Bb4 Rfe8 20. Rxe8+ Rxe8 21. Nh3 Bf8 22. b3 Qb5 23. Qxb5 cxb5 24. Bxf8 Kxf8 25. Kd2 a5 26. Nf2 Re6 27. Re1 Ke7 28. Nd3 Re4 29. Nc5 Rxe1 30. Kxe1 Nc8 31. Nb7 a4 32. Nc5 Nd6 33. bxa4 bxa4 34. Nxa4 Nb5 35. Nb6 Nxa3 36. Nxd5+ Kd6 37. Ne3 Nb5 38. d5 g5 39. c4 Nd4 40. g3 h5 41. Kd2 gxf4 42. gxf4 Nf3+ 43. Ke2 Nxh2 44. Kf2 Ng4+ 45. Nxg4 hxg4 46. f5 Ke5 47. Kg3 Kxf5 48. c5 Ke5 49. c6 1-0

[Event "Nikaia op 22nd"]
[Site "Nikaia"]
[Date "2014.08.27"]
[Round "2"]
[White "Tzounakas, Vasilios"]
[Black "Pandelidis, Ioannis"]
[Result "1/2-1/2"]
[WhiteElo "1878"]
[BlackElo "2070"]
[PlyCount "73"]
[EventDate "2014.08.26"]
[EventType "swiss"]
[EventRounds "9"]
[EventCountry "GRE"]
[SourceTitle "CBM 162 Extra"]
[Source "ChessBase"]
[SourceDate "2014.10.17"]
[SourceVersion "1"]
[SourceVersionDate "2014.10.17"]
[SourceQuality "1"]

1. e4 c5 2. Nf3 Nc6 3. d4 cxd4 4. Nxd4 e5 5. Nb5 d6 6. N1c3 a6 7. Na3 Be7 8. Nd5 Nf6 9. Nxf6+ Bxf6 10. Nc4 Be7 11. Be3 Be6 12. Nb6 Rb8 13. c4 0-0 14. Bd3 Nd4 15. Bxd4 exd4 16. Nd5 Bxd5 17. exd5 Bf6 18. 0-0 g6 19. Re1 Qd7 20. Qd2 Rfe8 21. Rxe8+ Rxe8 22. Re1 Rxe1+ 23. Qxe1 Qa4 24. Qb1 Qb4 25. g3 Kg7 26. Qc2 Qe1+ 27. Kg2 h5 28. h4 Qe5 29. Qe2 Qxe2 30. Bxe2 d3 31. Bxd3 Bxb2 32. f4 f5 33. Bc2 Kf7 34. Ba4 Ke7 35. Kf2 Bd4+ 36. Ke2 Bc5 37. Kf3 1/2-1/2

[Event "Nikaia op-A 20th"]
[Site "Nikea"]
[Date "2012.08.31"]
[Round "7.10"]
[White "Kouvatsos, Filippos"]
[Black "Tzounakas, Vasilios"]
[Result "1-0"]
[WhiteElo "2187"]
[BlackElo "1911"]
[PlyCount "89"]
[EventDate "2012.08.26"]
[EventType "swiss"]
[EventRounds "9"]
[EventCountry "GRE"]
[SourceTitle "EXT 2024"]
[Source "ChessBase"]
[SourceDate "2023.10.10"]
[SourceVersion "1"]
[SourceVersionDate "2023.10.10"]
[SourceQuality "1"]

1. d4 Nf6 2. c4 g6 3. Nc3 Bg7 4. e4 d6 5. Nf3 0-0 6. Be2 Na6 7. 0-0 e5 8. Be3 Re8 9. d5 Nh5 10. Nd2 Nf4 11. Kh1 f5 12. f3 Nxe2 13. Qxe2 f4 14. Bg1 g5 15. a3 h5 16. b4 g4 17. Rfc1 Qh4 18. Qf1 Kh7 19. c5 Rg8 20. Ra2 Bf8 21. Nc4 dxc5 22. b5 Nb8 23. Nxe5 Nd7 24. Nc4 Bd6 25. Re2 Be5 26. Nb1 b6 27. Nbd2 g3 28. h3 Qg5 29. a4 Bb7 30. a5 Rge8 31. a6 Bc8 32. Ree1 Kg6 33. Qd3 Qe7 34. Nb1 Nf6 35. Nxe5+ Qxe5 36. Nd2 Nd7 37. Nc4 Qf6 38. e5+ Qf5 39. Qxf5+ Kxf5 40. e6 Nf6 41. Re5+ Kg6 42. h4 Re7 43. Nd2 Ng4 44. fxg4 hxg4 45. Rg5+ 1-0

[Event "Nikaia op-A 20th"]
[Site "Nikea"]
[Date "2012.08.29"]
[Round "5.30"]
[White "Tzounakas, Vasilios"]
[Black "Ladas, Dimitrios"]
[Result "1-0"]
[WhiteElo "1911"]
[BlackElo "1736"]
[PlyCount "119"]
[EventDate "2012.08.26"]
[EventType "swiss"]
[EventRounds "9"]
[EventCountry "GRE"]
[SourceTitle "EXT 2024"]
[Source "ChessBase"]
[SourceDate "2023.10.10"]
[SourceVersion "1"]
[SourceVersionDate "2023.10.10"]
[SourceQuality "1"]

1. e4 e5 2. Nf3 Nc6 3. Bc4 Bc5 4. c3 Nf6 5. b4 Bb6 6. d3 d6 7. 0-0 0-0 8. a4 a6 9. Be3 Bxe3 10. fxe3 d5 11. exd5 Nxd5 12. Qe2 Re8 13. Bxd5 Qxd5 14. Ng5 Be6 15. e4 Qd7 16. Nxe6 Rxe6 17. Na3 Rd8 18. Rf3 Ne7 19. Nc4 Ng6 20. g3 h5 21. Raf1 f6 22. a5 h4 23. Re3 hxg3 24. hxg3 Kf7 25. Kg2 Rh8 26. Qg4 Re7 27. Qxd7 Rxd7 28. Rh1 Rxh1 29. Kxh1 Nf8 30. Kg2 Ne6 31. Kf2 Rd8 32. Nb2 Ng5 33. Na4 Ne6 34. Nb2 Ke7 35. Re2 Rh8 36. Kg2 Rd8 37. Rd2 Ng5 38. Re2 Ne6 39. Kf3 Rd6 40. Ke3 Rd8 41. Na4 Kf7 42. Nc5 b6 43. axb6 cxb6 44. Nxa6 Ra8 45. b5 Nc5 46. Nxc5 bxc5 47. Rb2 Ke6 48. c4 Ra7 49. Rh2 Kd6 50. Rh8 Rb7 51. Rd8+ Kc7 52. Rd5 Kb6 53. Rd6+ Ka5 54. Kf3 Kb4 55. Kg4 Rc7 56. Kf5 Ka5 57. Ke6 Rb7 58. Rd7 Rb6+ 59. Kd5 Kb4 60. Rxg7 1-0

[Event "Nikaia op 19th"]
[Site "Nikaia"]
[Date "2011.08.26"]
[Round "1"]
[White "Tzounakas, Vasilios"]
[Black "Kaforos, Dimitrios Alkis"]
[Result "0-1"]
[WhiteElo "1899"]
[BlackElo "2193"]
[PlyCount "68"]
[EventDate "2011.08.26"]
[EventType "swiss"]
[EventRounds "9"]
[EventCountry "GRE"]
[SourceTitle "CBM 144 Extra"]
[Source "ChessBase"]
[SourceDate "2011.10.28"]
[SourceVersion "1"]
[SourceVersionDate "2011.10.28"]
[SourceQuality "1"]

1. e4 c5 2. Nf3 d6 3. d4 cxd4 4. Nxd4 Nf6 5. Nc3 g6 6. Bc4 Bg7 7. 0-0 Nc6 8. Be3 Ng4 9. Nxc6 bxc6 10. Bg5 Qa5 11. Bd2 0-0 12. Bb3 Qe5 13. g3 Qh5 14. h4 Bd4 15. Kg2 Ba6 16. Ne2 Bxe2 17. Qxe2 Ne3+ 18. Qxe3 Bxe3 19. Bxe3 Qe5 20. f3 Qxb2 21. Rad1 c5 22. Rd2 Qc3 23. Rd3 Qb4 24. a3 Qb5 25. a4 Qa6 26. Rc3 Rfc8 27. Rc4 Rab8 28. Rd1 e6 29. Kf2 Rd8 30. Rd3 Rbc8 31. Rdc3 d5 32. Rxc5 d4 33. Bxd4 Rxc5 34. Bxc5 Rd2+ 0-1